| 000 | 00610nam a2200229Ia 4500 | ||
|---|---|---|---|
| 003 | OSt | ||
| 005 | 20251210100642.0 | ||
| 008 | 210210b xxu||||| |||| 00| 0 eng d | ||
| 020 | _a8175300302 | ||
| 040 | _cAL | ||
| 041 | _aeng | ||
| 082 | _a820.309 BHAF | ||
| 100 |
_aBhattacharjea Aditya _9248586 |
||
| 245 | _aFiction of St Stephens | ||
| 260 |
_aND _bRavi Dayal Publisher |
||
| 300 | _axxvii,229p | ||
| 650 |
_aIndian English Fiction Criticism St. Stephens _9248587 |
||
| 690 |
_aIndian English Criticism _9248588 |
||
| 700 |
_aChatterjee, Lola Ed _9248589 |
||
| 906 | _aSG03734 | ||
| 942 |
_2ddc _cBK |
||
| 999 |
_c114401 _d114401 |
||